Sekten und Sondergruppen
| Main Author: | |
|---|---|
| Format: | Print Article |
| Language: | German |
| Check availability: | HBZ Gateway |
| Interlibrary Loan: | Interlibrary Loan for the Fachinformationsdienste (Specialized Information Services in Germany) |
| Published: |
1989
|
| In: |
Der Islam in der Gegenwart
Year: 1989, Pages: 505-526 |
| Further subjects: | B
Islamische Länder / Islamische Welt
Sect
Islam
Religious organization
Schia
B Sect B Islam B Shi'ah B Islamic countries B Religious organization |
MARC
| LEADER | 00000caa a22000002c 4500 | ||
|---|---|---|---|
| 001 | 1444265520 | ||
| 003 | DE-627 | ||
| 005 | 20231218114833.0 | ||
| 007 | tu | ||
| 008 | 121113s1989 gw ||||| 00| ||ger c | ||
| 020 | |a 3406097405 | ||
| 035 | |a (DE-627)1444265520 | ||
| 035 | |a (DE-576)374265526 | ||
| 035 | |a (DE-599)BSZ374265526 | ||
| 035 | |a (DE-615)00175474 | ||
| 040 | |a DE-627 |b ger |c DE-627 |e rakwb | ||
| 041 | |a ger | ||
| 044 | |c XA-DE | ||
| 084 | |a RG00.12 |2 fivr | ||
| 084 | |a SG09 |2 fivs | ||
| 084 | |a 0 |2 ssgn | ||
| 100 | 1 | |0 (DE-588)106300709 |0 (DE-627)533305489 |0 (DE-576)289554152 |4 aut |a Schmucker, Werner |d 1940- | |
| 109 | |a Schmucker, Werner 1940- | ||
| 245 | 1 | 0 | |a Sekten und Sondergruppen |c Werner Schmucker |
| 264 | 1 | |c 1989 | |
| 336 | |a Text |b txt |2 rdacontent | ||
| 337 | |a ohne Hilfsmittel zu benutzen |b n |2 rdamedia | ||
| 338 | |a Band |b nc |2 rdacarrier | ||
| 601 | |a Sondergruppe | ||
| 650 | 0 | 7 | |0 (DE-588)4077343-7 |0 (DE-627)106080474 |0 (DE-576)209204761 |a Sekte |2 gnd |
| 650 | 0 | 7 | |0 (DE-588)4027743-4 |0 (DE-627)106283499 |0 (DE-576)20897220X |a Islam |2 gnd |
| 650 | 0 | 7 | |0 (DE-588)4049401-9 |0 (DE-627)106187147 |0 (DE-576)209081899 |a Religionsgemeinschaft |2 gnd |
| 650 | 0 | 7 | |0 (DE-588)4052455-3 |0 (DE-627)106172239 |0 (DE-576)209098341 |a Schiiten |2 gnd |
| 650 | 4 | |a Islamische Länder/Islamische Welt |x Sekte |x Islam |x Religionsgemeinschaft |x Schia | |
| 651 | 7 | |0 (DE-588)4073172-8 |0 (DE-627)104279893 |0 (DE-576)209189622 |a Islamische Staaten |2 gnd | |
| 773 | 0 | 8 | |i In |t Der Islam in der Gegenwart |b 2., überarb. Aufl. |d München : Beck, 1989 |g (1989), Seite 505-526 |h 766 S. |w (DE-627)026775816 |w (DE-576)017568331 |z 3406097405 |7 nnam |
| 773 | 1 | 8 | |g year:1989 |g pages:505-526 |
| 889 | |w (DE-576)386435928 | ||
| 935 | |a mteo | ||
| 936 | f | i | |0 (DE-627)1756133522 |a RG00.12 |b Islamische Welt |k Naher und Mittlerer Osten und Nordafrika |k Geographische Räume (länderübergreifend) und Organisationen des Nahen und Mittleren Ostens/Nordafrikas |k Islamische Welt |2 fivr |
| 936 | f | i | |0 (DE-627)1756136092 |a SG09 |b Religion/Religionsgemeinschaften |k Gesellschaft |k Religion/Religionsgemeinschaften |2 fivs |
| 938 | 1 | 0 | |0 (DE-627)1756206856 |0 (DE-615)6610147 |a Islamische Länder/Islamische Welt |2 fivt |
| 938 | 1 | 0 | |0 (DE-627)1756169039 |0 (DE-615)6609349 |a Sekte |2 fivt |
| 938 | 1 | 0 | |0 (DE-627)1756169551 |0 (DE-615)6605656 |a Islam |2 fivt |
| 938 | 1 | 0 | |0 (DE-627)1756170991 |0 (DE-615)6607192 |a Religionsgemeinschaft |2 fivt |
| 938 | 1 | 0 | |0 (DE-627)1756169012 |0 (DE-615)6606759 |a Schia |2 fivt |
| 951 | |a AR | ||
| ELC | |b 1 | ||
| ITA | |a 1 |t 1 | ||
| LOK | |0 000 xxxxxcx a22 zn 4500 | ||
| LOK | |0 001 442634526X | ||
| LOK | |0 003 DE-627 | ||
| LOK | |0 004 1444265520 | ||
| LOK | |0 005 20231218173401 | ||
| LOK | |0 008 231205||||||||||||||||ger||||||| | ||
| LOK | |0 040 |a DE-Tue135 |c DE-627 |d DE-Tue135 | ||
| LOK | |0 092 |o n | ||
| LOK | |0 852 |a DE-Tue135 | ||
| LOK | |0 852 1 |9 00 | ||
| LOK | |0 935 |a fivi | ||
| LOK | |0 939 |a 05-12-23 |b l01 | ||
| ORI | |a SA-MARC-ixtheoa001.raw | ||
| REL | |a 1 | ||
| STA | 0 | 0 | |a Islam,Islam,Islamic countries,Islamic states,Religious organization,Religious society,Religion,Denomination,Sect,Cult,Shi'ah,Shia,Shi'ites,Shīʻah |
| STB | 0 | 0 | |a Chiites,Chiisme,Communauté religieuse,Islam,Islam,Secte |
| STC | 0 | 0 | |a Chiíes,Comunidad religiosa,Islam,Islam,Secta |
| STD | 0 | 0 | |a Comunità religiosa,Islam,Islam,Sciiti,Sciiti,Setta |
| STE | 0 | 0 | |a 什叶派,伊斯兰教,伊斯兰教,回教,回教,宗教团体,教派,派别 |
| STF | 0 | 0 | |a 什葉派,伊斯蘭教,伊斯蘭教,回教,回教,宗教團體,教派,派別 |
| STG | 0 | 0 | |a Comunidade religiosa,Islã,Islã,Seita,Xiitas |
| STH | 0 | 0 | |a Ислам (мотив),Ислам,Религиозная община,Секта,Шииты |
| STI | 0 | 0 | |a Αίρεση,Θρησκευτική κοινότητα,Ισλάμ (μοτίβο),Ισλάμ,Σιίτες |
| SUB | |a REL | ||
| SYE | 0 | 0 | |a Sekten , Islam , Religious community,Glaubensgemeinschaft,Religiöse Vereinigung,Scientology,Sekte,Religionsgenossenschaft,Religionsgesellschaft,Religionsgemeinschaften , Schia,Ahl aš-šīʿa,Shīʻah,Shia,Shiism,Shiʻa,Schiʻism |
| SYF | 0 | 0 | |a Islamischer Orient,Islamische Länder,Islamische Regionen |



